Дискретная математика: учебное пособие

Bibliographic Details
Main Author: Долгих Б. А. Борис Александрович
Corporate Author: Московский государственный индустриальный университет
Other Authors: Петренко А. А. Александр Анатольевич
Summary:Настоящее учебное пособие по своей сути является введением в дискретную математику. В пособие включены следующие разделы: начала теории множеств, основные структуры алгебры, комбинаторика, основы теории графов, алгебра логики, которые являются базой для изучения экономико-математических дисциплин и важным математическим инструментарием теоретиков в области экономики, в том числе менеджмента. Адресовано экономистам и менеджерам.
Language:Russian
Published: Москва, Изд-во МГИУ, 2007
Subjects:
Format: MixedMaterials Book
KOHA link:https://koha.lib.tpu.ru/cgi-bin/koha/opac-detail.pl?biblionumber=126119

MARC

LEADER 00000nam0a2200000 4500
001 126119
005 20231031131730.0
010 |a 9785276011035 
035 |a (RuTPU)RU\TPU\book\136448 
090 |a 126119 
100 |a 20071123d2007 m y0rusy50 ca 
101 0 |a rus 
102 |a RU 
105 |a a j 001zy 
200 1 |a Дискретная математика  |e учебное пособие  |f Б. А. Долгих, А. А. Петренко  |g Московский государственный индустриальный университет 
210 |a Москва  |c Изд-во МГИУ  |d 2007 
215 |a 207 с.  |c ил. 
320 |a Список литературы: с. 206. 
330 |a Настоящее учебное пособие по своей сути является введением в дискретную математику. В пособие включены следующие разделы: начала теории множеств, основные структуры алгебры, комбинаторика, основы теории графов, алгебра логики, которые являются базой для изучения экономико-математических дисциплин и важным математическим инструментарием теоретиков в области экономики, в том числе менеджмента. Адресовано экономистам и менеджерам. 
610 1 |a дискретная математика 
610 1 |a учебные пособия 
610 1 |a теория множеств 
610 1 |a алгебра 
610 1 |a основные структуры 
610 1 |a комбинаторика 
610 1 |a графы 
610 1 |a математическая логика 
675 |a 51-022.334(075.8)  |v 3 
700 1 |a Долгих  |b Б. А.  |g Борис Александрович 
701 1 |a Петренко  |b А. А.  |g Александр Анатольевич 
712 0 2 |a Московский государственный индустриальный университет  |2 stltpush  |3 (RuTPU)RU\TPU\col\11073 
801 1 |a RU  |b 63413507  |c 20071123  |g PSBO 
801 2 |a RU  |b 63413507  |c 20150502  |g PSBO 
900 |a Дискретная математика 
900 |a Основы дискретной математики 
942 |c BK 
959 |a 83/20071122  |d 2  |e 0  |f АНЛ:1  |f ЧЗТЛ:1